| 000 | 00955cam a22002535a 4500 | ||
|---|---|---|---|
| 001 | 15734306 | ||
| 005 | 20090512115616.0 | ||
| 008 | 090512s2008 nyua b 001 0 eng | ||
| 010 | _a 2009419143 | ||
| 020 | _a9780195322392 | ||
| 020 | _a0195322398 | ||
| 040 |
_aDLC _cDLC |
||
| 082 |
_222 _a621 _bSMA |
||
| 100 | 1 |
_aSmaili, A. _q(Ahmad) _99114 |
|
| 245 | 1 | 0 |
_aMechatronics : _bIntegrated Technologies for Intelligent Machines / _cA. Smaili, F. Mrad. |
| 260 |
_aNew York : _bOxford University Press, _c2008 |
||
| 300 |
_axviii, 715 p. : _bill. ; _c24 cm. |
||
| 504 | _aIncludes bibliographical references and index. | ||
| 650 | 0 |
_aMechatronics _vTextbooks. _99115 |
|
| 700 | 1 |
_aMrad, F. _q(Fouad) _99116 |
|
| 942 |
_2ddc _cBB |
||
| 999 |
_c12848 _d12848 |
||